000
00298nam a22001097a 4500
008
230620b xxu||||| |||| 00| 0 eng d
082
_a
327.495041
_b
IBS 1985
245
_a
Greece and Great Britain During World War 1
260
_b
Institute of Balkan Studies
_c
1985
300
_a
257p
942
_2
ddc
_c
BK
999
_c
1914
_d
1914